Retail marketing management (Record no. 177734)

MARC details
000 -LEADER
fixed length control field 00393nam a2200157Ia 4500
008 - FIXED-LENGTH DATA ELEMENTS--GENERAL INFORMATION
fixed length control field 231217s9999 xx 000 0 und d
020 ## - INTERNATIONAL STANDARD BOOK NUMBER
International Standard Book Number 81-7758-825-7
041 ## - LANGUAGE CODE
Language code of text/sound track or separate title English
082 ## - DEWEY DECIMAL CLASSIFICATION NUMBER
Classification number 658.8 GIL;4
100 ## - MAIN ENTRY--PERSONAL NAME
Personal name Gilbert, David
245 #0 - TITLE STATEMENT
Title Retail marketing management
260 ## - PUBLICATION, DISTRIBUTION, ETC.
Date of publication, distribution, etc. 2003
Name of publisher, distributor, etc. Pearson
Place of publication, distribution, etc. Delhi
300 ## - PHYSICAL DESCRIPTION
Extent xiii+457
650 ## - SUBJECT ADDED ENTRY--TOPICAL TERM
Topical term or geographic name entry element Retail,marketing,management
942 ## - ADDED ENTRY ELEMENTS (KOHA)
Koha item type Books
Holdings
Date last seen Total checkouts Full call number Accession number Cost, total (INR) price Price effective from Category Lost status Damaged status Department Withdrawn status Home library Current library Entry date Vendor Cost, normal purchase price Grants Billnumber Billdate Currency symbol Conversion rate Discount Old discount Shelving location
26/01/2024   658.8 GIL;4 42165 260.00 26/01/2024 Books     Central Library   Central Library Central Library 04/07/2006 Surya Infotainment Products Pvt. Ltd. 325.00 MBA 0607/0684 03/01/2011 RS 1 65 20  
26/01/2024   658.8 GIL;5 42166 260.00 26/01/2024 Books     Central Library   Central Library Central Library 04/07/2006 Surya Infotainment Products Pvt. Ltd. 325.00 MBA 0607/0684 03/01/2011 RS 1 65 20  
26/01/2024   658.8 GIL;6 42167 260.00 26/01/2024 Books     Central Library   Central Library Central Library 04/07/2006 Surya Infotainment Products Pvt. Ltd. 325.00 MBA 0607/0684 03/01/2011 RS 1 65 20  
26/01/2024   658.8 GIL;7 42168 260.00 26/01/2024 Books     Central Library   Central Library Central Library 04/07/2006 Surya Infotainment Products Pvt. Ltd. 325.00 MBA 0607/0684 03/01/2011 RS 1 65 20  
26/01/2024   658.8 GIL;8 42169 260.00 26/01/2024 Books     Central Library   Central Library Central Library 04/07/2006 Surya Infotainment Products Pvt. Ltd. 325.00 MBA 0607/0684 03/01/2011 RS 1 65 20  
26/01/2024   658.8 GIL;9 42170 260.00 26/01/2024 Books     Central Library   Central Library Central Library 04/07/2006 Surya Infotainment Products Pvt. Ltd. 325.00 MBA 0607/0684 03/01/2011 RS 1 65 20  
26/01/2024   658.8 GIL;10 42171 260.00 26/01/2024 Books     Central Library   Central Library Central Library 04/07/2006 Surya Infotainment Products Pvt. Ltd. 325.00 MBA 0607/0684 03/01/2011 RS 1 65 20  
26/01/2024   658.8 GIL;11 42172 260.00 26/01/2024 Books     Central Library   Central Library Central Library 04/07/2006 Surya Infotainment Products Pvt. Ltd. 325.00 MBA 0607/0684 03/01/2011 RS 1 65 20  
26/01/2024   658.8 GIL;12 42173 260.00 26/01/2024 Books     Central Library   Central Library Central Library 04/07/2006 Surya Infotainment Products Pvt. Ltd. 325.00 MBA 0607/0684 03/01/2011 RS 1 65 20 Central Library

© For any Suggestions or Query, please contact the library staff @ librarian@pes.edu or Phone: +9180 2672 1983/ 2108.